Discursos pronunciados por el Excmo. Sr. D. Manuel Ruiz Zorrilla, Presidente del Consejo de Ministros, con motivo de la discusión del mensaje en el Congreso de los Diputados. (Record no. 164190)
[ view plain ]
| 000 -LEADER | |
|---|---|
| campo de control de longitud fija | 00728nam a2200169 i 4500 |
| 001 - NÚMERO DE CONTROL | |
| campo de control | 164190 |
| 003 - IDENTIFICADOR DE NÚMERO DE CONTROL | |
| campo de control | ES-MaACL |
| 005 - FECHA Y HORA DE LA ÚLTIMA TRANSACCIÓN | |
| campo de control | 20250929063241.0 |
| 008 - DATOS DE LONGITUD FIJA--INFORMACIÓN GENERAL | |
| campo de control de longitud fija | 991124s1872 sp |||| | spa d |
| 100 1# - ENTRADA PRINCIPAL--NOMBRE DE PERSONA | |
| Nombre de persona | Ruiz Zorrilla, Manuel, |
| Fechas asociadas al nombre | 1833-1895 |
| 9 (RLIN) | 100967 |
| 245 10 - MENCIÓN DEL TÍTULO | |
| Título | Discursos pronunciados por el Excmo. Sr. D. Manuel Ruiz Zorrilla, Presidente del Consejo de Ministros, con motivo de la discusión del mensaje en el Congreso de los Diputados. |
| 260 ## - PUBLICACIÓN, DISTRIBUCIÓN, ETC. | |
| Lugar de publicación, distribución, etc. | Madrid : |
| Nombre del editor, distribuidor, etc. | [s.n.], |
| Fecha de publicación, distribución, etc. | 1872 ( |
| Fabricante | Imp. Nacional) |
| 300 ## - DESCRIPCIÓN FÍSICA | |
| Extensión | 63 p. ; |
| Dimensiones | 21 cm. |
| 651 #4 - PUNTO DE ACCESO ADICIONAL DE MATERIA--NOMBRE GEOGRÁFICO | |
| Nombre geográfico | España- |
| Subdivisión general | Historia- |
| Subdivisión cronológica | 1870-1873, Amadeo I |
| 9 (RLIN) | 8261 |
| 852 ## - LOCALIZACIÓN | |
| Ubicación | ES-MaACL |
| Número de control de estantería | T-276-F-6 |
| Nota libre | - Enc. hol., falto de cub. original |
| -- | - Enc. en un vol. facticio |
| Estatus retirado | Estado de pérdida | Estado de daño | No para préstamo | Colección | Biblioteca de origen | Biblioteca actual | Ubicación en estantería | Fecha de adquisición | Total de préstamos | Signatura topográfica completa | Código de barras | Visto por última vez | Precio de reemplazo | Tipo de ítem Koha |
|---|---|---|---|---|---|---|---|---|---|---|---|---|---|---|
| Colección de folletos | Biblioteca del Ateneo de Madrid | Biblioteca del Ateneo de Madrid | Depósito folletos | 17/01/2008 | T-276-F-6 | 1172085 | 23/02/2023 | 23/02/2023 | Folleto |
